La tesis de Nancy / (Record no. 143341)
[ view plain ]
| 000 -LEADER | |
|---|---|
| campo de control de longitud fija | 00687nam a2200217 4500 |
| 001 - NÚMERO DE CONTROL | |
| campo de control | 143341 |
| 003 - IDENTIFICADOR DE NÚMERO DE CONTROL | |
| campo de control | ES-MaACL |
| 005 - FECHA Y HORA DE LA ÚLTIMA TRANSACCIÓN | |
| campo de control | 20260429123846.0 |
| 007 - CAMPO FIJO DE DESCRIPCIÓN FÍSICA--INFORMACIÓN GENERAL | |
| campo de control de longitud fija | t| |
| 008 - DATOS DE LONGITUD FIJA--INFORMACIÓN GENERAL | |
| campo de control de longitud fija | 070214s1968 sp r ||||1| spa d |
| 080 ## - NÚMERO DE LA CLASIFICACIÓN DECIMAL UNIVERSAL | |
| Número de la Clasificación Decimal Universal | 821.134.2-31"19" |
| 100 1# - ENTRADA PRINCIPAL--NOMBRE DE PERSONA | |
| Nombre de persona | Sender, Ramón J., |
| Fechas asociadas al nombre | 1901-1982 |
| 9 (RLIN) | 105441 |
| 245 13 - MENCIÓN DEL TÍTULO | |
| Título | La tesis de Nancy / |
| Mención de responsabilidad, etc. | Ramón J. Sender. |
| 260 ## - PUBLICACIÓN, DISTRIBUCIÓN, ETC. | |
| Lugar de publicación, distribución, etc. | Madrid : |
| Nombre del editor, distribuidor, etc. | Magisterio Español, |
| Fecha de publicación, distribución, etc. | 1968. |
| 300 ## - DESCRIPCIÓN FÍSICA | |
| Extensión | 322 p. ; |
| Dimensiones | 18 cm. |
| 490 1# - MENCIÓN DE SERIE | |
| Mención de serie | Novelas y cuentos ; |
| Designación de volumen o secuencia | 25. Literatura española. Novela siglo XX |
| 830 10 - PUNTO DE ACCESO ADICIONAL DE SERIE-TÍTULO UNIFORME | |
| Título uniforme | Novelas y cuentos |
| Designación de volumen o secuencia | 25. Literatura española. Novela siglo XX |
| 9 (RLIN) | 179596 |
| 852 ## - LOCALIZACIÓN | |
| Ubicación | ES-MaACL |
| Número de control de estantería | G-7380 |
| Ubicación en estantería | Sala Pecera Planta 3 |
| 942 ## - ELEMENTOS DE ENTRADA SECUNDARIOS (KOHA) | |
| Fuente del sistema de clasificación o colocación | Clasificación decimal universal |
| Estatus retirado | Estado de pérdida | Estado de daño | No para préstamo | Biblioteca de origen | Biblioteca actual | Ubicación en estantería | Fecha de adquisición | Fuente de adquisición | Total de préstamos | Signatura topográfica completa | Código de barras | Visto por última vez | Precio de reemplazo | Tipo de ítem Koha |
|---|---|---|---|---|---|---|---|---|---|---|---|---|---|---|
| Biblioteca del Ateneo de Madrid | Biblioteca del Ateneo de Madrid | Depósito 2 | 17/01/2008 | G-7380 | 1149136 | 23/02/2023 | 23/02/2023 | Libro impreso |
